Loading...
| Fine Arts - Classical Music | 6 | 8.33 | 33% | 33% | 17% |
| Fine Arts - Other Fine Arts | 4 | 10.00 | 100% | 0% | 0% |
| Geography | 2 | 15.00 | 100% | 50% | 0% |
| History - American History | 2 | 15.00 | 100% | 0% | 50% |
| History - European History | 4 | 25.00 | 75% | 125% | 50% |
| History - Other History | 2 | 15.00 | 50% | 0% | 100% |
| History - World History | 4 | 17.50 | 100% | 50% | 25% |
| Literature - American Literature | 4 | 7.50 | 25% | 0% | 50% |
| Literature - British Literature | 3 | 3.33 | 0% | 33% | 0% |
| Literature - European Literature | 5 | 10.00 | 60% | 40% | 0% |
| Literature - World Literature | 6 | 13.33 | 83% | 33% | 17% |
| Mythology | 3 | 13.33 | 100% | 33% | 0% |
| Painting/Sculpture | 5 | 14.00 | 100% | 0% | 40% |
| Philosophy | 2 | 15.00 | 100% | 50% | 0% |
| Pop Culture | 2 | 25.00 | 100% | 100% | 50% |
| Religion | 5 | 12.00 | 60% | 40% | 20% |
| Science - Biology | 2 | 25.00 | 50% | 100% | 100% |
| Science - Chemistry | 3 | 13.33 | 100% | 33% | 0% |
| Science - Other Science | 2 | 10.00 | 50% | 50% | 0% |
| Science - Physics | 3 | 26.67 | 100% | 67% | 100% |
| Social Science | 3 | 10.00 | 100% | 0% | 0% |